| 000 | 01259nam a2200313 i 4500 | ||
|---|---|---|---|
| 003 | DO-SdBNP | ||
| 005 | 20260225123926.0 | ||
| 007 | ta | ||
| 008 | 260225b2015 dr ||||| |||| 00| 0 spa d | ||
| 040 |
_aDO-SdBNP _bspa _cBNPHU _erda |
||
| 041 | _aspa | ||
| 082 | 4 |
_axxx _bA634p _222 |
|
| 245 | 0 | 0 |
_aAntología de poesía amorosa : _b(siglos XIX-XXI) / _cselección y edición Ángela Hernández Núñez ; supervisión editorial, Jeannette Miller ; diagramación, Eric Simó ; diseño de cubierta, Cynthia Matos. |
| 264 | 4 |
_aSanto Domingo, República Dominicana : _bRefinería Dominicana de Petróleo (REFIDOMSA), _c©2015. |
|
| 300 |
_a235 páginas ; _c24 cm |
||
| 336 |
_atexto _btxt _2rdacontent |
||
| 337 |
_asin mediación _bn _2rdamedia |
||
| 338 |
_avolumen _bnc _2rdacarrier |
||
| 490 |
_aColección poesía dominicana _vtomo 1 |
||
| 504 | _aBibliografía: páginas 231-235 | ||
| 590 | _aInventariado, 2026 /LP | ||
| 700 | 1 |
_aHernández Núñez, Ángela, _d1954- _eselección y edición _4se, ed. _989084 |
|
| 700 | 1 |
_aMiller, Jeannette, _d1944 _eeditorial _4ed. _983484 |
|
| 700 | 1 |
_aMatos, Cynthia, _ediagramador _4di _989085 |
|
| 700 | 1 |
_aSimó, Eric, _ediseñador _4di _9313 |
|
| 700 | 1 |
_aJiménez, Felucho. _923276 |
|
| 910 | _aLP | ||
| 942 |
_2ddc _cLBS1 |
||
| 999 |
_c60390 _d60390 |
||